| 000 | nam a22 7a 4500 | ||
|---|---|---|---|
| 999 |
_c330013 _d330013 |
||
| 003 | NUST | ||
| 005 | 20170615094310.0 | ||
| 008 | 170605b xxu||||| |||| 00| 0 eng d | ||
| 020 | _a9789693520009 | ||
| 040 | _cNUST | ||
| 082 |
_a891.4393 _bSIN |
||
| 100 |
_aSingh, Balwant _91962 |
||
| 245 |
_aRaat, choor aur chand _cby Balwant Singh |
||
| 260 |
_aLahore: _bSang-e-Meel publications, _c2007 |
||
| 300 | _a352 p. | ||
| 500 | _aNovel | ||
| 546 | _aIn Urdu | ||
| 650 |
_aUrdu Literature-Novel _91164 |
||
| 880 |
_aرات، چور اور چاند _6245-02\(3\r _cبلونت سنگھ |
||
| 880 |
_aبلونت سنگھ _6100-01\(3\r |
||
| 880 |
_aلاہور: _6260-03\(3\r _bسنگ میل پبلی کیشنز، _c2007 |
||
| 942 |
_2ddc _cBK |
||